| 000 | 00809 a2200193 4500 | ||
|---|---|---|---|
| 003 | NUST | ||
| 005 | 20221207182001.0 | ||
| 010 | _a 73016112 | ||
| 020 | _a0807812234 | ||
| 040 | _cNust | ||
| 082 | 0 | 0 | _a297,SCH |
| 100 | 1 |
_aSchimmel, Annemarie. _946030 |
|
| 245 | 1 | 0 |
_aMystical dimensions of Islam / _cAnnemarie Schimmel |
| 260 |
_aChapel Hill, _bUniversity of North Carolina Press _c[1975] |
||
| 300 |
_axxi, 506 p.: _billus. _c25 cm. |
||
| 505 | _aWhat Is Sufism (Page-3), Historical Outlines Of Classical Sufism (Page-23), The Foundations Of The Path (Page-98), Man And His Perfection (Page-187), Sufi Orders And Fraternities (Page-228), Theosophical Sufism (Page-259), The Rose And Nightingale (Page-287), Sufism In Indo-Pakistan (Page-344). | ||
| 650 | 0 |
_aSufism. _96129 |
|
| 942 |
_2ddc _cBK _k297,SCH |
||
| 999 |
_c185045 _d185045 |
||